Elliott Smith A Fond Farewell - Lyrics Quiz - Statistics

General Stats
  • This quiz has been taken 13 times
  • The average score is 201 of 247
Answer Stats
Answer % Correct
a
100%
A
100%
farewell
100%
fond
100%
friend
100%
I
100%
I'm
100%
i'm
100%
is
100%
It's
100%
it's
100%
its
100%
just
100%
life
100%
my
100%
not
100%
The
100%
the
100%
This
100%
and
89%
And
89%
couldn't
89%
get
89%
less
89%
like
89%
little
89%
me
89%
right
89%
things
89%
to
89%
what
89%
you
89%
apart
78%
black
78%
door
78%
happy
78%
He
78%
high
78%
on
78%
only
78%
picture
78%
suicide
78%
than
78%
that
78%
took
78%
wasn't
78%
white
78%
Who
78%
who
78%
with
78%
dance
67%
enemy
67%
in
67%
kitchen
67%
leaving
67%
living
67%
match
67%
open
67%
paces
67%
perfect
67%
Really
67%
really
67%
room
67%
sink
67%
tried
67%
you're
67%
burning
56%
can
56%
cold
56%
dying
56%
floor
56%
great
56%
in-between
56%
maker
56%
man
56%
meet
56%
out
56%
romance
56%
said
56%
shadow
56%
sheet
56%
slow
56%
taking
56%
up
56%
Vommiting
56%
wanna
56%
want
56%
being
44%
brain
44%
'Cause
44%
comfort
44%
deal
44%
Disconnecting
44%
down
44%
from
44%
full
44%
higher
44%
human
44%
If
44%
it'll
44%
missing
44%
of
44%
pain
44%
Pitch
44%
psychic
44%
see
44%
some
44%
any
33%
disappearing
33%
evil
33%
ink
33%
link
33%
Lite-Brite's
33%
now
33%
take
33%
Whose
33%
Good
22%
Veins
22%
Who'll
22%
shiny
11%
No matching quizzes found
Score Distribution
Percent of People with Each Score
Percentile by Number Answered
Your Score History
You have not taken this quiz